[Event "New Delhi Parsvnath op-A 17th"]
[Site "New Delhi"]
[Date "2019.01.09"]
[Round "1"]
[White "Joshi, Abhijeet"]
[Black "Rahman, Ziaur"]
[Result "0-1"]
[WhiteElo "1913"]
[BlackElo "2470"]
[PlyCount "92"]
[EventDate "2019.01.09"]
[EventType "swiss"]
[EventRounds "10"]
[EventCountry "IND"]
[SourceTitle "CBM 188 Extra"]
[Source "ChessBase"]
[SourceDate "2019.02.28"]
[SourceVersion "1"]
[SourceVersionDate "2019.02.28"]
[SourceQuality "1"]

1. e4 c5 2. Nf3 d6 3. d4 cxd4 4. Nxd4 Nf6 5. Nc3 Nc6 6. Bc4 e6 7. Bb3 a6 8. 0-0 Qc7 9. Kh1 Na5 10. f4 Bd7 11. f5 e5 12. Nde2 Nxb3 13. axb3 Bc6 14. Qd3 Be7 15. Be3 b5 16. Nd5 Bxd5 17. exd5 0-0 18. Rfd1 Rfc8 19. c3 Qd7 20. Ng3 a5 21. Bg5 a4 22. Bxf6 Bxf6 23. b4 Rc4 24. Ne4 Rac8 25. Rf1 Rxe4 26. Qxe4 Rc4 27. Qe2 Rc8 28. Qe4 Rc4 29. Qe2 Qc8 30. h3 h6 31. Rf3 Bg5 32. Kh2 h5 33. Qd1 h4 34. Qe2 Bf4+ 35. Rxf4 Rxf4 36. Qxb5 Qxf5 37. Qb8+ Kh7 38. Qxd6 Rf2 39. Qa6 e4 40. Kg1 Rd2 41. Rf1 Qxd5 42. Qa5 Qxa5 43. bxa5 Rxb2 44. Ra1 e3 45. Rxa4 Rb1+ 46. Kh2 e2 0-1

[Event "New Delhi Parsvnath op 13th"]
[Site "New Delhi"]
[Date "2015.01.15"]
[Round "9"]
[White "Joshi, Abhijeet"]
[Black "Mahalakshmi, Muganda Kumar"]
[Result "0-1"]
[WhiteElo "1883"]
[BlackElo "2116"]
[PlyCount "58"]
[EventDate "2015.01.09"]
[EventType "tourn"]
[EventRounds "10"]
[EventCountry "IND"]
[SourceTitle "CBM 164 Extra"]
[Source "ChessBase"]
[SourceDate "2015.03.02"]
[SourceVersion "1"]
[SourceVersionDate "2015.03.02"]
[SourceQuality "1"]

1. e4 c6 2. d4 d5 3. Nc3 dxe4 4. Nxe4 Bf5 5. Ng3 Bg6 6. Nf3 Nd7 7. h4 h6 8. h5 Bh7 9. Bd3 Bxd3 10. Qxd3 Ngf6 11. Bd2 Qc7 12. 0-0-0 e6 13. Kb1 0-0-0 14. Ne4 Nxe4 15. Qxe4 Nf6 16. Qe2 Bd6 17. c4 c5 18. Bc3 cxd4 19. Bxd4 Bc5 20. Bxc5 Qxc5 21. Ne5 Qc7 22. g4 Rxd1+ 23. Rxd1 Rd8 24. Rxd8+ Kxd8 25. f4 Ke7 26. g5 hxg5 27. fxg5 Nxh5 28. Nxf7 Nf4 29. Qe5 Qxc4 0-1

[Event "New Delhi Parsvnath op 9th"]
[Site "New Delhi"]
[Date "2011.01.10"]
[Round "4"]
[White "Joshi, Abhijeet"]
[Black "Navalgund, Niranjan"]
[Result "1-0"]
[WhiteElo "1993"]
[BlackElo "2211"]
[PlyCount "61"]
[EventDate "2011.01.08"]
[EventType "swiss"]
[EventRounds "11"]
[EventCountry "IND"]
[SourceTitle "CBM 140 Extra"]
[Source "ChessBase"]
[SourceDate "2011.03.01"]
[SourceVersion "1"]
[SourceVersionDate "2011.03.01"]
[SourceQuality "1"]

1. e4 c5 2. Nf3 Nc6 3. d4 cxd4 4. Nxd4 g6 5. c4 Bg7 6. Be3 Nf6 7. Nc3 0-0 8. Be2 d6 9. 0-0 Bd7 10. Nc2 Rc8 11. Rc1 a6 12. Qd2 Ng4 13. Bg5 f6 14. Bf4 f5 15. Bxg4 fxg4 16. Be3 Ne5 17. Na3 Bc6 18. Nd5 b5 19. cxb5 axb5 20. Nxb5 Bb7 21. Bg5 Rf7 22. Rxc8 Bxc8 23. Nxd6 Ba6 24. Nxf7 Kxf7 25. Bxe7 Qb8 26. Qf4+ Ke6 27. Bf6 Bh6 28. Bxe5 Bxf4 29. Bxb8 Bxb8 30. Rc1 Ke5 31. Nc3 1-0

[Event "New Delhi Parsvnath op 9th"]
[Site "New Delhi"]
[Date "2011.01.09"]
[Round "3"]
[White "Prince, Bajaj"]
[Black "Joshi, Abhijeet"]
[Result "0-1"]
[WhiteElo "2186"]
[BlackElo "1993"]
[PlyCount "90"]
[EventDate "2011.01.08"]
[EventType "swiss"]
[EventRounds "11"]
[EventCountry "IND"]
[SourceTitle "CBM 140 Extra"]
[Source "ChessBase"]
[SourceDate "2011.03.01"]
[SourceVersion "1"]
[SourceVersionDate "2011.03.01"]
[SourceQuality "1"]

1. e4 e5 2. Nf3 Nc6 3. Bb5 a6 4. Ba4 Nf6 5. 0-0 Be7 6. Re1 b5 7. Bb3 d6 8. c3 0-0 9. h3 Bb7 10. d4 Re8 11. Nbd2 Bf8 12. Bc2 g6 13. a4 exd4 14. cxd4 Nb4 15. Bb1 c5 16. d5 Bg7 17. Nf1 Nd7 18. axb5 axb5 19. Rxa8 Qxa8 20. Bf4 Ne5 21. Nxe5 Bxe5 22. Bxe5 Rxe5 23. Nh2 Bc8 24. Nf3 Re8 25. Qd2 Kg7 26. Qf4 Qb8 27. g4 Qc7 28. Kg2 Qd7 29. Rh1 f6 30. g5 Rf8 31. Qh4 Qe7 32. Qg3 Bd7 33. h4 f5 34. exf5 Bxf5 35. Bxf5 Rxf5 36. Re1 Qd7 37. Nd2 Nxd5 38. Ne4 Nf4+ 39. Kg1 Qe6 40. Re3 Qd5 41. Nc3 Qb7 42. Re4 Qxe4 43. Nxe4 Ne2+ 44. Kg2 Nxg3 45. Nxd6 Nh5 0-1